Very Difficult Flags #11 - Statistics

General Stats
  • This quiz has been taken 81 times
  • The average score is 7 of 16
Answer Stats
Picture Answer % Correct
Starbucks
96%
Saint Kitts and Nevis
90%
Bolivia
86%
Curacao
61%
Mississippi
59%
Canary Islands
41%
Oregon
41%
St. Helena
37%
Aaland Islands
30%
Bern
27%
London
23%
Han Dynasty
19%
Jammu
19%
Baltimore
13%
Antilles
9%
Sydney
6%
No matching quizzes found
Score Distribution
Percent of People with Each Score
Percentile by Number Answered
Your Score History
You have not taken this quiz